The cost of capitalism : (Record no. 18663)
[ view plain ]
| 000 -LEADER | |
|---|---|
| fixed length control field | 01204cam a2200313 a 4500 |
| 001 - CONTROL NUMBER | |
| control field | 16107434 |
| 005 - DATE AND TIME OF LATEST TRANSACTION | |
| control field | 20201128021130.0 |
| 008 - FIXED-LENGTH DATA ELEMENTS--GENERAL INFORMATION | |
| fixed length control field | 100225t2009 xxuade grb 001 0 eng d |
| 010 ## - LIBRARY OF CONGRESS CONTROL NUMBER | |
| LC control number | 2010277061 |
| 020 ## - INTERNATIONAL STANDARD BOOK NUMBER | |
| International Standard Book Number | 9780071628440 (alk. paper) |
| 020 ## - INTERNATIONAL STANDARD BOOK NUMBER | |
| International Standard Book Number | 0071628444 (alk. paper) |
| 040 ## - CATALOGING SOURCE | |
| Original cataloging agency | VPW |
| Transcribing agency | VPW |
| Modifying agency | OCLCQ |
| -- | YDXCP |
| -- | JOY |
| -- | BNY |
| -- | VP@ |
| -- | BET |
| -- | WIM |
| -- | OCLCA |
| -- | CUV |
| -- | DLC |
| -- | EG-ScBUE |
| 043 ## - GEOGRAPHIC AREA CODE | |
| Geographic area code | n-us--- |
| 082 00 - DEWEY DECIMAL CLASSIFICATION NUMBER | |
| Classification number | 330.973 |
| Edition number | 22 |
| Item number | BAR |
| 100 1# - MAIN ENTRY--PERSONAL NAME | |
| Personal name | Barbera, Robert J. |
| 9 (RLIN) | 36653 |
| 245 14 - TITLE STATEMENT | |
| Title | The cost of capitalism : |
| Remainder of title | understanding market mayhem and stabilizing our economic future / |
| Statement of responsibility, etc | Robert J. Barbera. |
| 260 ## - PUBLICATION, DISTRIBUTION, ETC. (IMPRINT) | |
| Place of publication, distribution, etc | New York, United States : |
| Name of publisher, distributor, etc | McGraw-Hill, |
| Date of publication, distribution, etc | c.2009. |
| 300 ## - PHYSICAL DESCRIPTION | |
| Extent | xviii, 246 p. : |
| Other physical details | charts, plans, tables ; |
| Dimensions | 24 cm. |
| 500 ## - GENERAL NOTE | |
| General note | Index : p. 233-246. |
| 504 ## - BIBLIOGRAPHY, ETC. NOTE | |
| Bibliography, etc | Bibliography : p. 225-230. |
| 650 #0 - SUBJECT ADDED ENTRY--TOPICAL TERM | |
| Topical term or geographic name as entry element | Financial crises |
| Geographic subdivision | United States |
| 9 (RLIN) | 1773 |
| 650 #0 - SUBJECT ADDED ENTRY--TOPICAL TERM | |
| Topical term or geographic name as entry element | Economic stabilization |
| Geographic subdivision | United States |
| 9 (RLIN) | 36654 |
| 650 #0 - SUBJECT ADDED ENTRY--TOPICAL TERM | |
| Topical term or geographic name as entry element | Capitalism |
| Geographic subdivision | United States |
| 9 (RLIN) | 36656 |
| 651 #0 - SUBJECT ADDED ENTRY--GEOGRAPHIC NAME | |
| Geographic name | United States |
| General subdivision | Economic conditions |
| Chronological subdivision | 2001-2009 |
| 9 (RLIN) | 36657 |
| 651 #0 - SUBJECT ADDED ENTRY--GEOGRAPHIC NAME | |
| Geographic name | United States |
| General subdivision | Economic conditions |
| Chronological subdivision | 1981-2001 |
| 9 (RLIN) | 36658 |
| 653 ## - INDEX TERM--UNCONTROLLED | |
| Resource For college | BAEPS, Business Administration |
| Arrived date list | November2014 |
| 655 ## - INDEX TERM--GENRE/FORM | |
| Form subdivision | |
| -- | 34232 |
| 942 ## - ADDED ENTRY ELEMENTS (KOHA) | |
| Source of classification or shelving scheme | Dewey Decimal Classification |
| Call number prefix | 330.973 BAR |
| Withdrawn status | Item status | Source of classification or shelving scheme | Damaged status | Not for loan | Vendor | Home library | Current library | Shelving location | Date acquired | Source of acquisition | Cost, normal purchase price | Serial Enumeration / chronology | Total Checkouts | Total Renewals | Full call number | Barcode | Date last seen | Date last borrowed | Cost, replacement price | Koha item type |
|---|---|---|---|---|---|---|---|---|---|---|---|---|---|---|---|---|---|---|---|---|
| Dewey Decimal Classification | Baccah | Central Library | Central Library | First floor | 23/11/2014 | 125.00 | 20677 | 3 | 15 | 330.973 BAR | 000037045 | 15/07/2025 | 01/11/2016 | 156.25 | Book - Borrowing |